| 000 | 00536nam a22001937a 4500 | ||
|---|---|---|---|
| 999 |
_c7138 _d7138 |
||
| 003 | OSt | ||
| 005 | 20210906151444.0 | ||
| 008 | 210906b ||||| |||| 00| 0 eng d | ||
| 020 | _a034064625X | ||
| 040 | _cDDC | ||
| 082 | _a418.0071ROB1998 | ||
| 100 |
_aRoberts,Jon _914699 |
||
| 245 |
_aLanguage Teacher Education _cEdited by Roberts,Jon |
||
| 260 |
_aLondon _bArnold _c1998 |
||
| 300 |
_ax,346p; _bill _c24cm |
||
| 504 | _aIncludes; bibliography references and index | ||
| 650 |
_aTheories of Learning _914701 |
||
| 942 |
_2ddc _cO_SHELF |
||